| 000 | 00906nam a22003255b 4500 | ||
|---|---|---|---|
| 001 | 00279713 | ||
| 003 | DO-SdBNP | ||
| 005 | 20180202095051.0 | ||
| 007 | 00279713 | ||
| 008 | 930208s1991 sp | |||| ||spa | ||
| 016 | 7 |
_a _2BPMSU |
|
| 017 |
_a _b |
||
| 020 | _a8421614770 | ||
| 035 | _a(OCoLC)434766428 | ||
| 040 |
_aBPMSU _bspa _cBPMSU _e _d |
||
| 080 | 0 | _a | |
| 080 | 0 | _a | |
| 100 | 1 |
_aCasona, Alejandro, _d1903-1965. |
|
| 245 | 1 | 0 |
_aRetablo jovial / _cAlejandro Casona ; introducción, notas y actividades de Juan Luis Suárez Granda _h |
| 250 | _a3a. ed. | ||
| 260 |
_a[Madrid] : _bBruño, _c 1991. |
||
| 300 |
_a220 p. ; _c19 cm. _b |
||
| 490 | 1 |
_aAnaquel _v8 |
|
| 500 | _a | ||
| 700 | 1 | 2 |
_aSuárez Granda, Juan Luis, _eed. |
| 830 | 0 |
_aAnaquel (Editorial Bruño) _v8 |
|
| 942 |
_2ddc _cBK |
||
| 945 | _aInventariado, 2018 /LP | ||
| 956 |
_aVMATEO _210 _320160328 _6BPMSU _80069 |
||
| 999 |
_c9396 _d9396 |
||